000 00499nam a2200169 4500
999 _c164062
_d164062
005 20190509122448.0
010 _aENG-125150
020 _a9789380200330
_c499.00
035 _aEN-108682
037 _bDBAD/PUB
082 _a332.6
245 _aStep by step guide to start investing
260 _aNew Delhi
_bNetwork 18 Publications
_c2011
270 _a507, Prabhat Kiran, 17, Rajendra Place
_bNew Delhi
_e110008
300 _a156p.
_c25cm(Hb)
942 _2ddc
_cEN
_h332.6
_mSTE